Campaña de lucha contra el fuego : consejos generales de prudencia y precauciones a tomar en caso de incendios / Diputación Provincial de Barcelona. Servicio Provincial de Extinción de Incendios consejos generales de prudencia y precauciones a tomar en caso de incendios / Diputación Provincial de Barcelona. Servicio Provincial de Extinción de Incendios
MARC
| LEADER | 00000nam a2200000Ia 4500 | ||
|---|---|---|---|
| 001 | 9691 | ||
| 008 | 160829s9999 xx 000 0 cat d | ||
| 080 | |a FU-24-18 | ||
| 110 | 1 | |a Barcelona (Catalunya : Província). |b Servicio Provincial de Extinción de Incendios |9 54956 | |
| 245 | |a Campaña de lucha contra el fuego : |b consejos generales de prudencia y precauciones a tomar en caso de incendios / Diputación Provincial de Barcelona. Servicio Provincial de Extinción de Incendios | ||
| 260 | |a Barcelona : |b [s.n.], DL 1968 | ||
| 300 | |a 1 map. pleg. de la prov. de Barcelona amb signes convencionals sobre extinció d'incendis ; |c 74 x 99 cm | ||
| 650 | |a Incendis |x Prevenció |x Barcelona (Província) |9 42932 | ||
| 901 | |a Arxiu | ||
| 942 | |n 1 | ||
| 952 | |0 0 |1 0 |4 0 |6 FU2418 |7 1 |9 42513 |a Arxiu |b Arxiu |d 2016-12-01 |l 0 |o FU-24-18 |p 9691 |r 2016-12-01 00:00:00 |w 2016-12-01 |y ARXIU | ||
| 999 | |c 45018 |d 45018 | ||